A bibliography in economics for the Oxford Honour School of Philosophy (Record no. 367513)

000 -LEADER
fixed length control field 00372cam a22001217a 4500
008 - FIXED-LENGTH DATA ELEMENTS--GENERAL INFORMATION
fixed length control field 180718b1957 xxu||||| |||| 00| 0 eng d
082 ## - DEWEY DECIMAL CLASSIFICATION NUMBER
Classification number A2:T1 H134
100 ## - MAIN ENTRY--PERSONAL NAME
Personal name Hall, Margaret
245 ## - TITLE STATEMENT
Title A bibliography in economics for the Oxford Honour School of Philosophy
Statement of responsibility, etc. by Margaret Hall et. al.
260 ## - PUBLICATION, DISTRIBUTION, ETC.
Place of publication, distribution, etc. London
Name of publisher, distributor, etc. OUP
Date of publication, distribution, etc. 1957
300 ## - PHYSICAL DESCRIPTION
Extent 80p.
650 ## - SUBJECT ADDED ENTRY--TOPICAL TERM
Topical term or geographic name entry element Econ. - Bibliography
Holdings
Withdrawn status Lost status Damaged status Not for loan Permanent Location Current Location Date acquired Full call number Barcode Date last seen Price effective from Koha item type
        Indian Institute of Public Administration Indian Institute of Public Administration 1994-05-13 A2:T1 H134 6866 2018-07-21 2018-07-21 Book

Powered by Koha